[Event "Kandidatklassen"]
[Site "Hillerod"]
[Date "2010.03.31"]
[Round "2"]
[White "Strange, Mikkel"]
[Black "Akdag, Dara Sevkan"]
[Result "0-1"]
[WhiteElo "2269"]
[BlackElo "2149"]
[PlyCount "122"]
[EventDate "2010.03.30"]
[EventType "swiss"]
[EventRounds "7"]
[EventCountry "DEN"]
[Source "ChessBase"]
[SourceDate "2010.05.04"]

1. e4 c5 2. c3 Nf6 3. e5 Nd5 4. d4 cxd4 5. Nf3 d6 6. cxd4 Nc6 7. a3 Nb6 8. Bd3
g6 9. exd6 Qxd6 10. Nc3 Bg7 11. O-O O-O 12. Nb5 Qd8 13. Bf4 Nd5 14. Bg5 Qa5 15.
Bd2 Qd8 16. Be4 Nf6 17. Bxc6 bxc6 18. Nc3 Bg4 19. Be3 Nd5 20. Rc1 Nxe3 21. fxe3
Bh6 22. Qe1 Bxf3 23. Rxf3 e5 24. dxe5 Bg7 25. Rd1 Qe7 26. Rd6 Bxe5 27. Rxc6
Rfd8 28. Rc4 Rab8 29. Rf2 Rd3 30. g3 Rbd8 31. Rf1 Rxe3 32. Qf2 Bd4 33. Kh1 Bb6
34. Qf6 Qxf6 35. Rxf6 Re1+ 36. Kg2 Rd2+ 37. Kh3 Rh1 38. Ne4 Rhxh2+ 39. Kg4 h5+
40. Kf4 Rxb2 41. Ke5 Rhc2 42. Rfc6 Rxc4 43. Rxc4 Kg7 44. a4 Re2 45. Kf4 Re1 46.
Nd6 f6 47. Nc8 g5+ 48. Kf3 Re3+ 49. Kg2 Rb3 50. Nxa7 g4 51. Nc8 Rb2+ 52. Kf1
Bf2 53. Nd6 Kg6 54. Ne4 Be3 55. Rc3 Bd4 56. Rc4 Be5 57. a5 Ra2 58. Nf2 Rxa5 59.
Nxg4 hxg4 60. Rxg4+ Kf5 61. Rg8 Ra4 0-1

[Event "Kandidatklassen"]
[Site "Hillerod"]
[Date "2010.04.02"]
[Round "4"]
[White "Strange, Mikkel"]
[Black "Seegert, Kristian"]
[Result "1-0"]
[WhiteElo "2269"]
[BlackElo "2118"]
[PlyCount "81"]
[EventDate "2010.03.30"]
[EventType "swiss"]
[EventRounds "7"]
[EventCountry "DEN"]
[Source "ChessBase"]
[SourceDate "2010.05.04"]

1. e4 e5 2. Nf3 Nc6 3. Nc3 Nf6 4. a3 d5 5. Bb5 d4 6. Ne2 Bd6 7. Ng3 O-O 8. c3
dxc3 9. dxc3 Ne7 10. Bg5 Ng6 11. Nh5 Be7 12. Qxd8 Rxd8 13. Nxf6+ Bxf6 14. Bxf6
gxf6 15. g3 Bh3 16. Nd2 c6 17. Bf1 Be6 18. h4 Rd7 19. Bh3 Rad8 20. O-O-O Ne7
21. Bxe6 fxe6 22. Nc4 b6 23. Rxd7 Rxd7 24. Rd1 Rxd1+ 25. Kxd1 Nc8 26. b4 Kf7
27. Ke2 Ke7 28. Kf3 Kd7 29. Kg4 b5 30. Na5 Nd6 31. f3 Nf7 32. Kh5 f5 33. g4
fxe4 34. fxe4 Nd6 35. Kh6 Nxe4 36. g5 Ke7 37. Kxh7 Ng3 38. Nxc6+ Kd6 39. Nxa7
Nf5 40. Nxb5+ Kc6 41. c4 1-0

[Event "Kandidatklassen"]
[Site "Hillerod"]
[Date "2010.04.03"]
[Round "5"]
[White "Strange, Mikkel"]
[Black "Andersen, Lars"]
[Result "1-0"]
[WhiteElo "2269"]
[BlackElo "2088"]
[PlyCount "43"]
[EventDate "2010.03.30"]
[EventType "swiss"]
[EventRounds "7"]
[EventCountry "DEN"]
[Source "ChessBase"]
[SourceDate "2010.05.04"]

1. e4 d6 2. Nf3 Nf6 3. Nc3 e5 4. d4 exd4 5. Nxd4 g6 6. Bg5 Nbd7 7. Qd2 Bg7 8.
O-O-O O-O 9. h4 Re8 10. h5 Nc5 11. hxg6 hxg6 12. f3 Ne6 13. Bh6 Bh8 14. Nxe6
Bxe6 15. Bg5 Bg7 16. g4 c6 17. Qf4 Qe7 18. Rxd6 Rad8 19. e5 Rxd6 20. Bxf6 Bxf6
21. exf6 Qd8 22. Rh8+ 1-0

[Event "Kandidatklassen"]
[Site "Hillerod"]
[Date "2010.04.02"]
[Round "4"]
[White "Sylvan, Jacob"]
[Black "Jorgensen, Kasper Moller"]
[Result "1/2-1/2"]
[WhiteElo "2240"]
[BlackElo "2003"]
[PlyCount "68"]
[EventDate "2010.03.30"]
[EventType "swiss"]
[EventRounds "7"]
[EventCountry "DEN"]
[Source "ChessBase"]
[SourceDate "2010.05.04"]

1. e4 c5 2. Nf3 Nc6 3. d4 cxd4 4. Nxd4 Nf6 5. Nc3 d6 6. Bg5 e6 7. Qd2 Be7 8.
O-O-O O-O 9. f4 Nxd4 10. Qxd4 Qa5 11. Bc4 Bd7 12. e5 dxe5 13. fxe5 Bc6 14. Bd2
Nd7 15. Nd5 Qd8 16. Nxe7+ Qxe7 17. Rhe1 Qc5 18. Qf4 a5 19. Bd3 Bb5 20. Be3 Qc6
21. Be4 Qc7 22. Qh4 f5 23. exf6 Nxf6 24. Bf3 Rac8 25. c3 Bc4 26. Kb1 Nd5 27.
Bd4 Bxa2+ 28. Kxa2 Qc4+ 29. Kb1 Nxc3+ 30. bxc3 Qb3+ 31. Kc1 Rxc3+ 32. Bxc3
Qxc3+ 33. Kb1 Qb3+ 34. Ka1 Qa3+ 1/2-1/2

[Event "Kandidatklassen"]
[Site "Hillerod"]
[Date "2010.04.04"]
[Round "6"]
[White "Sylvan, Jacob"]
[Black "Andersen, Ib Hother"]
[Result "1/2-1/2"]
[WhiteElo "2240"]
[BlackElo "2157"]
[PlyCount "51"]
[EventDate "2010.03.30"]
[EventType "swiss"]
[EventRounds "7"]
[EventCountry "DEN"]
[Source "ChessBase"]
[SourceDate "2010.05.04"]

1. e4 e5 2. Nf3 Nc6 3. Bb5 Bc5 4. O-O d6 5. c3 Bd7 6. d4 Bb6 7. Qd3 Nge7 8.
Nbd2 a6 9. Bc4 Ng6 10. Nb3 O-O 11. Bg5 Qe8 12. Rfe1 Kh8 13. Nh4 f6 14. Nxg6+
Qxg6 15. Bh4 Rae8 16. f3 f5 17. Bd5 exd4 18. cxd4 Ne5 19. Qc3 c6 20. exf5 Bxf5
21. Kh1 Nd7 22. Bc4 d5 23. Bf1 Bc7 24. Rxe8 Qxe8 25. Qe1 Qg6 26. Qf2 1/2-1/2

[Event "Kandidatklassen"]
[Site "Hillerod"]
[Date "2010.03.31"]
[Round "2"]
[White "Sylvan, Jacob"]
[Black "Nielsen, Nicholas Roland"]
[Result "0-1"]
[WhiteElo "2240"]
[BlackElo "2162"]
[PlyCount "64"]
[EventDate "2010.03.30"]
[EventType "swiss"]
[EventRounds "7"]
[EventCountry "DEN"]
[Source "ChessBase"]
[SourceDate "2010.05.04"]

1. e4 c5 2. Nf3 Nc6 3. d4 cxd4 4. Nxd4 Nf6 5. Nc3 e5 6. Ndb5 d6 7. Bg5 a6 8.
Na3 b5 9. Bxf6 gxf6 10. Nd5 f5 11. Bd3 Be6 12. O-O f4 13. c4 Rg8 14. f3 b4 15.
Nc2 a5 16. b3 Be7 17. Rf2 Bh4 18. Rd2 Ne7 19. a3 Rb8 20. axb4 axb4 21. c5 Bxd5
22. exd5 Kf8 23. Ra6 dxc5 24. Bc4 Nf5 25. d6 Ne3 26. Nxe3 fxe3 27. Ra7 Rg7 28.
Rd5 Qg5 29. Bf1 Bf2+ 30. Kh1 Rd8 31. Qe2 Rg6 32. d7 Rh6 0-1

[Event "Kandidatklassen"]
[Site "Hillerod"]
[Date "2010.04.01"]
[Round "3"]
[White "Vovk, Oksana"]
[Black "Sylvan, Jacob"]
[Result "1/2-1/2"]
[WhiteElo "2145"]
[BlackElo "2240"]
[PlyCount "95"]
[EventDate "2010.03.30"]
[EventType "swiss"]
[EventRounds "7"]
[EventCountry "DEN"]
[Source "ChessBase"]
[SourceDate "2010.05.04"]

1. d4 Nf6 2. c4 c5 3. e3 g6 4. Nc3 Bg7 5. Nf3 O-O 6. Be2 d6 7. O-O a6 8. a3 Qc7
9. b4 Nc6 10. Qb3 Bg4 11. Rd1 cxd4 12. exd4 Rac8 13. Be3 e5 14. dxe5 dxe5 15.
c5 Rfd8 16. h3 Be6 17. Bc4 e4 18. Bxe6 fxe6 19. Qxe6+ Kh8 20. Ng5 Rf8 21. Rac1
Rce8 22. Qd6 Qc8 23. Ne2 h6 24. Nf4 hxg5 25. Nxg6+ Kh7 26. Nxf8+ Rxf8 27. Bxg5
Qf5 28. Qf4 Qg6 29. Rd6 Ne7 30. Qh4+ Kg8 31. Bxf6 Bxf6 32. Qg4 Qxg4 33. hxg4
Bb2 34. Re1 Nc6 35. Rxe4 Bxa3 36. Ree6 Bxb4 37. Rg6+ Kh7 38. Rh6+ Kg7 39. Rhg6+
Kh7 40. Rh6+ Kg7 41. Rdg6+ Kf7 42. Rf6+ Ke7 43. Rxf8 Kxf8 44. Rh7 Ne7 45. Rh8+
Ng8 46. Rh7 Ne7 47. Rh8+ Ng8 48. Rh7 1/2-1/2

[Event "Kandidatklassen"]
[Site "Hillerod"]
[Date "2010.03.31"]
[Round "2"]
[White "Vovk, Oksana"]
[Black "Olsen, Peter Erik"]
[Result "1/2-1/2"]
[WhiteElo "2145"]
[BlackElo "2246"]
[PlyCount "24"]
[EventDate "2010.03.30"]
[EventType "swiss"]
[EventRounds "7"]
[EventCountry "DEN"]
[Source "ChessBase"]
[SourceDate "2010.05.04"]

1. c4 e5 2. Nc3 Nc6 3. g3 g6 4. Bg2 Bg7 5. e4 d6 6. Nge2 f5 7. d3 Nf6 8. O-O
O-O 9. h3 Be6 10. Nd5 h6 11. Be3 Qd7 12. Kh2 Kh7 1/2-1/2